000 00652nam a22002297a 4500
999 _c31893
_d31893
003 OSt
005 20250422144715.0
008 250422b ||||| |||| 00| 0 eng d
020 _cRs 180.00
040 _cimukc
041 _aeng
082 _a530
_bD456
100 _95848
_aDeshpande, Jyoti D.
245 _aPerfect physics : std xii science. Part I /
_cJyoti D. Deshpande, and Umakant N. Kondapure
250 _a6th rev. ed.
260 _aMumbai :
_bTarget Publications PVT. LTD.,
_c2013.
300 _a313 p. :
_bill. ;
_c28 cm
365 _b180.00
_cINR
650 0 _936
_aPhysics
700 _95850
_aKondapure, Umakant N.
942 _2ddc
_cBK